|
|
|
|
| LEADER |
01197nam a22002537a 4500 |
| 001 |
30322 |
| 003 |
BD-DhAAL |
| 005 |
20250625163548.0 |
| 008 |
150906s2015 bg a|||| |||| 00| 0 eng d |
| 040 |
|
|
|a BD-DhAAL
|c BD-DhAAL
|
| 082 |
|
|
|a 307.1412095492
|2 22
|
| 245 |
|
|
|a BRAC Philippines :
|k annual report
|g 2014.
|b
|
| 260 |
|
|
|a Dhaka :
|b BRAC,
|c 2015.
|
| 300 |
|
|
|a 55 pages :
|b illustrations, map ;
|c 28 cm
|
| 526 |
|
|
|a BRAC
|
| 541 |
|
|
|a Complimentary copy from BRAC
|e 30322, 32791
|
| 610 |
|
|
|a BRAC
|9 14405
|
| 650 |
|
|
|a Rural development
|z Bangladesh.
|9 14406
|
| 710 |
|
|
|a BRAC
|9 14405
|
| 852 |
|
|
|a Ayesha Abed Library
|c BRAC Resource Section
|
| 942 |
|
|
|2 ddc
|c BK
|
| 999 |
|
|
|c 36011
|d 36011
|
| 952 |
|
|
|0 0
|1 0
|2 ddc
|4 0
|6 307_141209549200000_BRA
|7 1
|8 RPT
|9 56579
|a BRACUL
|b BRACUL
|c BRS
|d 2015-11-02
|e Complimentary copy from BRAC
|l 0
|o 307.1412095492 BRA
|p 3010030322
|r 2015-11-02
|t 1
|w 2015-11-02
|y BK
|x Complimentary copy from BRAC ; price not available in register
|
| 952 |
|
|
|0 0
|1 0
|2 ddc
|4 0
|6 307_141209549200000_BRA
|7 1
|8 RPT
|9 63343
|a BRACUL
|b BRACUL
|c BRS
|d 2015-11-02
|e Complimentary copy from BRAC
|l 0
|o 307.1412095492 BRA
|p 3010032791
|r 2018-05-20
|t 2
|w 2015-11-02
|y BK
|x Complimentary copy from BRAC ; price not available in register
|